000 01193nmm a2200421 a 4500
003 AR-BaBNM
005 20251128211119.0
008 042120s2001 ||||||||||||||000 | spa||
020 _a84-95294-20-6
040 _cAR-BaBNM
100 1 _aCoben, Diana
245 1 0 _aGramsci y Freire, héroes radicales
_bpolíticas en educación de adultos
260 _aBuenos Aires
_bMiño y Dávila
_c2001
_bFundación Paideia
300 0 _a279 p.
504 _aContiene referencias bibliográficas p. 257-279
600 1 4 _aFreire, Paulo
600 1 4 _aGramsci, Antonio
600 1 4 _aMayo, Peter
600 1 4 _aAllman, Paula
600 1 4 _aWallis, John
600 1 4 _aLeonard, Peter
610 2 4 _aMovimiento de los sin tierra [Brasil]
650 4 _aTEORIAS DE LA EDUCACION
650 4 _aEDUCACION DE ADULTOS
650 4 _aPOLITICA EDUCATIVA
650 4 _aROL DEL DOCENTE
650 4 _aCURRICULO
650 4 _aEDUCACION NO FORMAL
650 4 _aMOVIMIENTOS SOCIALES
651 4 _aArgentina
651 4 _aBrasil
653 0 _aEDUCACION POPULAR
653 _aEXPERIENCIAS EDUCATIVAS
653 0 _aPEDAGOGIA CRITICA
653 0 _aPEDAGOGOS
942 _cBK
998 _craquel
999 _c18288
_d18288